Normal view
MARC view
- STATISTICS COMMERCIAL STATISTICS
Entry Topical Term
001 - CONTROL NUMBER
- control field: 76171
003 - CONTROL NUMBER IDENTIFIER
- control field: NUST
005 - DATE AND TIME OF LATEST TRANSACTION
- control field: 20210628205607.0
008 - FIXED-LENGTH DATA ELEMENTS
- fixed length control field: 210628|| aca||aabn | a|a d
040 ## - CATALOGING SOURCE
- Original cataloging agency: NUST
- Transcribing agency: NUST
150 ## - HEADING--TOPICAL TERM
- Topical term or geographic name entry element: STATISTICS COMMERCIAL STATISTICS
670 ## - SOURCE DATA FOUND
- Source citation: Work cat.: (NUST): LEVINE, DAVID M,BERNSON, MASK L 76170, BASIC BUSINESS STATISTICS CONCEPTS AND APPLICATIONS, 1979
